| 000 | 00624nam a2200193Ii 4500 | ||
|---|---|---|---|
| 003 | JO-AjNU | ||
| 008 | 230605s9999||||xx |||||||||||||| ||und|| | ||
| 040 |
_aJO-AjNU _bara _erda _cJO-AjNU |
||
| 041 | _aara | ||
| 050 | 1 | 4 | _aBP190.5 |
| 100 | 3 |
_aالصليبي، محمد علي, _eauthor _915102 |
|
| 245 | 0 | 0 | _aالمدخل الى فقه القضاء في الإسلام |
| 264 | 3 | 1 | _aنابلس: المكتبة الجامعية، د.ت |
| 300 | _a149ص | ||
| 336 |
_atext _btxt _2rdacontent |
||
| 337 |
_aunmediated _bn _2rdamedia |
||
| 338 |
_avolume _bnc _2rdacarrier |
||
| 650 | 4 |
_aالقضاء في الاسلام _915103 |
|
| 999 |
_aA4186 _c7754 _d7754 |
||